000
00322nam a22001337a 4500
008
171016b xxu||||| |||| 00| 0 eng d
020
_a
9780072336948
041
_a
eng
080
_2
8TH
_a
331.101.262
100
_a
52
101
_a
BNJ
245
_a
AN INTRODUCTION TO HUMAN COMMUNICATION
_c
PEARSON,J,C
942
_2
udc
_c
BK
999
_c
34196
_d
34196